Matemáticas y educación: retos y cambios desde una perspectiva internacional
Gardado en:
| Main Authors: | , , |
|---|---|
| Formato: | Libro |
| Idioma: | Lingua castelá |
| Publicado: |
Barcelona
Graó
2000
|
| Series: | Materiales para la Innovación Educativa, 14
|
| Subjects: | |
| Tags: |
Engadir etiqueta
Sen Etiquetas, Sexa o primeiro en etiquetar este rexistro!
|
MARC
| LEADER | 00000nam a2200000 a 4500 | ||
|---|---|---|---|
| 001 | UCN7402 | ||
| 003 | CL-VaPUC | ||
| 008 | 011018e20001200SP |||||||||||||||||spa|d | ||
| 082 | 0 | 4 | |a 372.7 |b GOR |2 21 |
| 100 | |a Gorgorió Solà, Nuria |e author |9 535373 | ||
| 700 | 0 | |a Deulofeu, J |e author |9 463394 | |
| 700 | 0 | |a Bishop, A |e author |9 463395 | |
| 245 | 1 | 0 | |a Matemáticas y educación: retos y cambios desde una perspectiva internacional |
| 300 | |a 212 p | ||
| 942 | |c BK | ||
| 945 | |d 20011018 00:00:00 |a cmena | ||
| 260 | |a Barcelona |b Graó |c 2000 | ||
| 650 | 0 | |a Matemáticas |x Enseñanza |9 875527 | |
| 650 | 0 | |a Métodos de enseñanza |9 270413 | |
| 650 | 0 | |a Innovaciones pedagógicas |9 307471 | |
| 583 | |a last modification |c 20011018 00:00:00 |k Rodrigo Vera | ||
| 490 | 0 | |a Materiales para la Innovación Educativa, 14 | |
| 999 | |c 297766 |d 297764 | ||
| 952 | |0 0 |1 0 |4 0 |6 372_700000000000000_GOR_2000 |7 0 |8 A |9 352737 |a BIBMAT |b BIBMAT |c E_DIDACT |d 2019-11-21 |i 3748340 |o 372.7 GOR 2000 |p 3748340 |r 2025-01-07 |w 2019-11-21 |y BK |k MAT | ||
| 952 | |0 0 |1 0 |4 0 |6 372_700000000000000_GOR_2000 |7 0 |8 A |9 352738 |a BIBMAT |b BIBMAT |c E_DIDACT |d 2019-11-21 |i 4085582 |o 372.7 GOR 2000 |p 4085582 |r 2025-01-07 |w 2019-11-21 |y BK |k MAT | ||